| 000 | 00896nam a2200265 i 4500 | ||
|---|---|---|---|
| 001 | 18153 | ||
| 003 | ES-MaACL | ||
| 005 | 20251015063041.0 | ||
| 007 | t| | ||
| 008 | 010928s1952 ag ||||1| spa d | ||
| 080 | _a929 Carlos (460) I | ||
| 080 | _a946.0"1516/56" | ||
| 100 | 1 |
_aBabelon, Jean, _d1889-1978 _924413 |
|
| 245 | 1 | 0 |
_aCarlos V _b: (1500-1558) / _cJean Babelon ; traducción de Miguel de Hernani. |
| 260 |
_aBuenos Aires : _bLosada, _c[1952] |
||
| 300 |
_a291 p. ; _c23 cm. |
||
| 490 | 1 | _aBiografías históricas y novelescas | |
| 500 | _aBiblioteca Juan Andrade. | ||
| 600 | 0 | 4 |
_aCarlos _bI, _cRey de España- _xBiografías _935297 |
| 651 | 4 |
_aEspaña- _xHistoria- _y1516-1556, Carlos I. _98224 |
|
| 700 | 1 |
_aHernani, Miguel de. _963115 |
|
| 830 | 0 |
_aBiografías históricas y novelescas _9180395 |
|
| 852 |
_aES-MaACL _jAND-91 _bR.109416 |
||
| 999 |
_c18153 _d18153 |
||